Open to security (Record no. 75773)
[ view plain ]
| 000 -LEADER | |
|---|---|
| fixed length control field | 01383cab a2200217 4500 |
| 001 - CONTROL NUMBER | |
| control field | L130686 |
| 008 - FIXED-LENGTH DATA ELEMENTS--GENERAL INFORMATION | |
| fixed length control field | 050824n2005 000 0 eng u |
| 035 ## - SYSTEM CONTROL NUMBER | |
| System control number | (Sirsi) u130686 |
| 041 ## - LANGUAGE CODE | |
| Language code of text/sound track or separate title | eng |
| 100 ## - MAIN ENTRY--PERSONAL NAME | |
| Personal name | Colby, Allyson |
| 245 ## - TITLE STATEMENT | |
| Title | Open to security |
| 260 ## - PUBLICATION, DISTRIBUTION, ETC. | |
| Date of publication, distribution, etc. | 2005 |
| 490 ## - SERIES STATEMENT | |
| Series statement | Estates Gazette |
| Volume/sequential designation | (0533) 20 August 2005, 65(1) |
| 520 ## - SUMMARY, ETC. | |
| Summary, etc. | Discusses the impact of the Freedom of Information Act 2000 (FOIA) on Land Registry practice and specifically, the treatment of exempt information documents (EIDs). The protective regime, whereby transitional provisions documents lodged at the Registry prior to 13 October 2003 have been kept off register unless edited and designated as EIDS, ends on 13 October 2005. Advises that designation as an EID should be used sparingly. FOIA has ensured that applicants to the Registry can now conduct searches to ascertain what property interests companies and other non-individuals own although disclosure conditions in respect of title information relating to private individuals remains unaffected. |
| 590 ## - LOCAL NOTE (RLIN) | |
| Local note | IKA300805 |
| 650 ## - SUBJECT ADDED ENTRY--TOPICAL TERM | |
| Topical term or geographic name entry element | DATA PROTECTION ACT 1998 |
| 650 ## - SUBJECT ADDED ENTRY--TOPICAL TERM | |
| Topical term or geographic name entry element | FREEDOM OF INFORMATION ACT 2000 |
| 690 ## - LOCAL SUBJECT ADDED ENTRY--TOPICAL TERM (OCLC, RLIN) | |
| Topical term or geographic name as entry element | PROPERTY-PROPERTY ACQUISITION AND DISPOSAL-REGISTRATION OF TITLE TO PROPERTY |
| 856 ## - ELECTRONIC LOCATION AND ACCESS | |
| Uniform Resource Identifier | <a href="https://www.opsi.gov.uk/acts/acts2000/20000036.htm">https://www.opsi.gov.uk/acts/acts2000/20000036.htm</a> |
| Public note | View the Act free of charge at www.opsi.gov.uk... |
| 942 ## - ADDED ENTRY ELEMENTS (KOHA) | |
| Suppress in OPAC | 0 |
| Withdrawn status | Lost status | Source of classification or shelving scheme | Damaged status | Not for loan | Home library | Current library | Shelving location | Date acquired | Total Checkouts | Full call number | Barcode | Date last seen | Copy number | Price effective from | Koha item type |
|---|---|---|---|---|---|---|---|---|---|---|---|---|---|---|---|
| Dewey Decimal Classification | London | London | Journal article | 24/08/2005 | L130686 | 130686-1001 | 06/08/2019 | 1 | 06/08/2019 | Journal article |